00458 2200193 4500001002100000008004100021035002000062082000800082084001400090100001500104245004200119250000600161260003500167300001200202650001400214990001200228990001200240990001200252INLIS000000000000474 ind  a0010-0424000450 a423 a423 PUR k aM. Purwati aKamus Inggris - IndonesiacM. Purwati a1 aJakarta :bBalai Pustakac2016 a420 hlm aReferensi a0728526 a0728527 a0728528